000 00886nam a2200289Ia 4500
001 56518
005 20230411090015.0
008 080306s2006 ve 000 1 spa d
035 _a(OCoLC)ocn212911407
040 _aFQG
_cFQG
020 _a9802123609
020 _a9789802123605
035 _a(OCoLC)212911407
090 _aPQ8550.28.A49
_bR196 2006
049 _aGRAL
100 1 _aRangel, Domingo Alberto.
245 1 0 _aEloy Tarazona, el brujo de Juan Vicente Gómez :
_bmás novela que historia /
_cDomingo Alberto Rangel.
250 _a2nd ed.
260 _a[Venezuela] :
_bMérida Editores,
_cc2006.
300 _a211 p. ;
_c23 cm.
600 1 0 _aTarazona, Eloy,
_d1880?-1952
_vFiction.
600 1 0 _aGómez, Juan Vicente,
_d1859-1935
_vFiction.
651 0 _aVenezuela
_xHistory
_y1908-1935
_vFiction.
942 _2lcc
_cbk
946 _aclperez
994 _aC0
_bDRFGD
999 _c110804
_d110804